| 000 | 00727nam a2200217 a 4500 | ||
|---|---|---|---|
| 001 | 23919 | ||
| 003 | CO-ViMGA | ||
| 008 | 141112s2004 ck r 000 u spa d | ||
| 020 | _a9588294010 | ||
| 040 |
_aCO-ViMGA _bspa _cCO-ViMGA |
||
| 082 | 0 | 4 | _aI 574.529 R637a2 |
| 100 | 1 |
_aRodriguez, Lucho _934678 |
|
| 245 | 1 | 0 |
_aAnimales en extincion colombia : _bregion del pacifico / _cLucho Rodriguez |
| 260 |
_aColombia : _bediciones B |
||
| 300 | _a26p. | ||
| 490 | _aIguana | ||
| 650 | 1 | 4 |
_a2 : CONSEVACION DE ESPECIES - PACIFICO (REGION, COLOMBIA) _934679 |
| 650 | 1 | 4 |
_a3 : CONSERVACION DE LA VIDA SILVESTRE - PACIFICO (REGION, COLOMBIA) _934680 |
| 650 | 1 | 4 |
_aECOSISTEMA - PACIFICO (REGION, COLOMBIA) _934681 |
| 942 |
_2ddc _cBK |
||
| 999 |
_c31988 _d31988 |
||